000 01016 a2200181 4500
003 Nust
005 20221117112024.0
020 _a8178088231
040 _cNust
082 _a621.3678,JEN
100 _aJensen, John R.
_929676
245 _aRemote sensing of the environment :
_ban earth resource perspective /
_cJohn R. Jensen
260 _aIndia
_bPearson
_c2003
300 _a544 p.
505 _aRemote Sensing of the Environment (Page-1), Electromagnetic Radiation Principles (Page-29), History of Aerial Photography and Aerial Platforms (Page-53), Aerial Photograph (Page-85), Elements of Visual Image Interpretation (Page-119), Photogrammetry (Page-137), Multispectral Remote Sensing Systems (Page-181), Active and Passive Microwave and LIDAR Remote Sensing (Page-285), Remote Sensing of Vegetation (Page-333), Remote Sensing of Water (Page-379), Remote Sensing the Urban Landscape (Page-407), Remote Sensing of Soils, Minerals And Geomorphology (Page-471).
650 _aRemote sensing
942 _2ddc
_cBK
999 _c176863
_d176863